000 00440nam a2200181Ia 4500
001 9209
005 20260306160706.0
008 260306t2012||||xx |||||||||||||| ||spa||
041 _aESP
082 _a375.002
_bC32
100 _aCasanova, María Antonia
_eAUT
245 0 _aLa evaluación de competencias básicas
260 _c2012
300 _a203 páginas :
_c21 cm.
650 _aGEN
654 _aCED
942 _cLIB
_dJUS
_fJUS
_2ddc
_n
999 _c9209
_d9209